| 000 | 00790cam a22002412 4500 | ||
|---|---|---|---|
| 001 | 0000002342 | ||
| 005 | 20151217151851.0 | ||
| 008 | 070410s xx 000 0 eng d | ||
| 020 |
_a0333774876 : _cKES 3,750 |
||
| 040 |
_aKABU _cKABU |
||
| 050 | 0 |
_aHF5548.85 _b.S88 |
|
| 100 | 1 |
_aSutherland, Valerie J. _@0000151681 |
|
| 245 | 1 | 0 |
_aStratetic stress management : _ban organizational approach / _cValerie J. Sutherland and Cary L. Cooper. |
| 260 |
_aNew York : _bPalgrave, _c2000. |
||
| 300 | _avi, 263 p. | ||
| 650 | 0 |
_aJob stress. _@0000151682 |
|
| 650 | 0 |
_aStress management. _@0000151683 |
|
| 700 | 1 |
_aCooper Cary L. _@0000151684 |
|
| 908 | _a070410 | ||
| 950 | _@1 | ||
| 999 |
_c5803 _d5803 |
||